ბათუმის შოთა რუსთაველის სახელმწიფო უნივერსიტეტის ბიბლიოთეკა

პროკურორი–გამოძიების საპროცესო ხელმძღვანელი / (ბიბ.ჩანაწერი № 36458)

000 -ლიდერი
ფიქსირებული სიგრძის საკონტროლო ველი 01106nam a2200253Ia 4500
001 - საკონტროლო ნომერი
საკონტროლო ველი 2373
003 - საკონტროლო ნომრის იდენტიფიკატორი
საკონტროლო ველი GE_BSU
005 - ბოლო ოპერაციის თარიღი და დრო
საკონტროლო ველი 20190531153429.0
008 - ფიქსირებული სიგრძის მონაცემთა ელემენტები - ზოგადი ინფორმაცია
ფიქსირებული სიგრძის საკონტროლო ველი 181216s2011||||ge |||||||||||||| ||geo||
020 ## - წიგნის საერთაშორისო სტანდარტული ნომერი
International Standard Book Number 9789941035494
040 ## - კატალოგიზაციის წყარო
Transcribing agency GE_BSU
041 ## - ენის კოდი
Language code of text/sound track or separate title geo
080 ## - უნივერსალური ათობითი კლასიფიკაციის ინდექსი
Universal Decimal Classification number 343.163+343.132 ა–13
100 ## - მთავარი ჩანაწერი - პიროვნების სახელი
Personal name აბაშიძე, გ.
9 (RLIN) 1910
245 ## - ცნობა სათაურის შესახებ
Title პროკურორი–გამოძიების საპროცესო ხელმძღვანელი /
Statement of responsibility, etc გივი აბაშიძე ; რედ. ნიკოლოზ გაბრიჩიძე.
264 ## - წარმოების, გამოცემის, დისტრიბუციის და სხვა ცნობები
გამოცემის, წარმოების, დისტრიბუციის... ადგილი თბილისი :
გამოცემის, წარმოების, დისტრიბუციის... სახელწოდება გეორგიკა,
გამოცემის, წარმოების, დისტრიბუციის... თარიღი 2011.
300 ## - ფიზიკური აღწერა
Extent 177 გვ. ;
Other physical details 20 სმ.
504 ## - BIBLIOGRAPHY, ETC. NOTE
Bibliography, etc ბიბლიოგრ. ტექსტ. შენიშვნ. და გვ. 175-179.
520 ## - SUMMARY, ETC.
Summary, etc რეზ. ინგლ. და რუს.
653 ## - INDEX TERM--UNCONTROLLED
Uncontrolled term პროკურორი
653 ## - INDEX TERM--UNCONTROLLED
Uncontrolled term გამოძიების წარმოება
700 ## - ADDED ENTRY--PERSONAL NAME
Personal name გაბრიჩიძე, ნიკოლოზ
Relator term რედაქტორი
9 (RLIN) 1911
942 ## - ADDED ENTRY ELEMENTS (KOHA)
Koha item type წიგნი
Source of classification or shelving scheme
ეგზემპლარები
ჩამოწერის სტატუსი დაკარგული ეგზემპლარის სტატუსი კლასიფიკაციის წყარო ან თაროზე გაწყობის სქემა დაზიანების სტატუსი არ გაიცემა მუდმივი მდებარეობა (დაცვის ადგილი) ამჟამინდელი ადგილსამყოფელი თაროზე განთავსების ადგილი შეძენის თარიღი ღირებულება, შესყიდვის ნორმალური ფასი სრული შენახვის შიფრი შტრიხკოდი ბოლო ოპერაციის თარიღი ეგზემპლარის მიმდევრობითი ნომერი (კეტერი?) ფასის ძალაში შესვლის თარიღი ეგზემპლარის სახეობა საჯარო შენიშვნა
          ბათუმის შოთა რუსთაველის სახელმწიფო უნივერსიტეტის მთავარი ბიბლიოთეკა ბათუმის შოთა რუსთაველის სახელმწიფო უნივერსიტეტის მთავარი ბიბლიოთეკა წიგნსაცავი 2018-12-17 8.00 343.163+343.132 ა–13 4489 2018-12-17 4489 2018-12-17 წიგნი 8 ლ.